000 00492nam a2200181Ia 4500
008 090124s9999 xx 000 0 und d
082 _b117120
100 _aशेंडे ना.रा.
245 _a तांबडा दगड
250 _a1
260 _c1977
300 _a134
600 _aशेंडे ना.रा.
630 _a तांबडा दगड
700 _aशेंडे ना.रा.
730 _a तांबडा दगड
942 _cBOOK
999 _c163206
_d163206